00495pab a2200169 454500008004000000100001400040245005300054260000900107300001200116362001100128650002800139650001100167773001500178909001000193999001700203952010500220180718b1997 xxu||||| |||| 00| 0 eng d aPal, R.M. aPunjab police and the recent demand for immunity c1997 ap.22-23 a20 Sep aPolice - India - Punjab aPolice aMainstream a35397 c35397d35397 00104070aIIPAbIIPAd2018-07-19hVolume no: 35, Issue no: 41pAR35652r2018-07-19w2018-07-19yAR